[Event "NED-chT 2122"]
[Site "Netherlands"]
[Date "2021.11.27"]
[Round "4.5"]
[White "Leenhouts, Koen"]
[Black "Martens, Martin"]
[Result "1-0"]
[WhiteElo "2420"]
[BlackElo "2351"]
[PlyCount "55"]
[EventDate "2021.09.18"]
[EventType "team-tourn"]
[EventRounds "9"]
[EventCountry "NED"]
[SourceTitle "EXT 2023"]
[Source "ChessBase"]
[SourceDate "2022.10.05"]
[SourceVersion "1"]
[SourceVersionDate "2022.10.05"]
[SourceQuality "1"]
[WhiteTeam "Sas van Gent"]
[BlackTeam "Den Bosch HMC"]
[WhiteTeamCountry "NED"]
[BlackTeamCountry "NED"]

1. d4 Nf6 2. c4 e6 3. g3 Bb4+ 4. Nd2 d6 5. Bg2 Nbd7 6. Ngf3 e5 7. 0-0 c6 8. a3 Bxd2 9. Bxd2 0-0 10. Bb4 c5 11. dxc5 dxc5 12. Bc3 Qe7 13. Qc2 Re8 14. e4 a6 15. Nh4 g6 16. f4 exf4 17. e5 Nh5 18. e6 Ndf6 19. exf7+ Qxf7 20. gxf4 Qxc4 21. Nxg6 Re2 22. Ne5 Rxc2 23. Nxc4 Rxg2+ 24. Kxg2 Nd5 25. Kf3 b5 26. Rg1+ Kf8 27. Nd6 Bd7 28. Be5 1-0

[Event "Barcelona Sants op 21st"]
[Site "Barcelona"]
[Date "2019.08.30"]
[Round "8"]
[White "Davtyan, David"]
[Black "Martens, Martin"]
[Result "1/2-1/2"]
[WhiteElo "2249"]
[BlackElo "2364"]
[PlyCount "107"]
[EventDate "2019.08.23"]
[EventType "swiss"]
[EventRounds "10"]
[EventCountry "ESP"]
[SourceTitle "EXT 2020"]
[Source "ChessBase"]
[SourceDate "2019.10.17"]
[SourceVersion "1"]
[SourceVersionDate "2019.10.17"]
[SourceQuality "1"]

1. e4 c5 2. Nc3 g6 3. d4 Bg7 4. dxc5 Qa5 5. Nge2 Qxc5 6. Be3 Qa5 7. Qd5 Qd8 8. e5 Nc6 9. f4 f6 10. Nd4 fxe5 11. fxe5 Nxe5 12. 0-0-0 Nc6 13. Bc4 e6 14. Nxc6 exd5 15. Nxd8 dxc4 16. Nd5 Bh6 17. Bxh6 Nxh6 18. Ne6 dxe6 19. Nc7+ Ke7 20. Nxa8 Bd7 21. Nc7 Rc8 22. Nd5+ exd5 23. Rxd5 Be6 24. Re1 Nf7 25. c3 Rc6 26. Rd4 b6 27. Rh4 h5 28. g4 hxg4 29. Rxg4 Kf6 30. Rge4 a5 31. h4 Nd8 32. Rf4+ Bf5 33. Ree4 b5 34. Re8 Ne6 35. Rf1 Rc5 36. Rd1 Re5 37. Rb8 Bd3 38. Rd2 a4 39. Rf2+ Bf5 40. Kd2 Nc5 41. Rh2 Rd5+ 42. Ke2 Bg4+ 43. Ke3 Ne6 44. Rf2+ Bf5 45. Rd2 Re5+ 46. Kf3 Bd3 47. Rf2 Bb1 48. a3 Bd3 49. Rb7 Bf5 50. Rb8 Rd5 51. Ke3 Rd3+ 52. Ke2 Rd5 53. Ke3 Rd3+ 54. Ke2 1/2-1/2

[Event "Barcelona Sants op 21st"]
[Site "Barcelona"]
[Date "2019.08.27"]
[Round "5"]
[White "Martens, Martin"]
[Black "Harika, Dronavalli"]
[Result "1/2-1/2"]
[WhiteElo "2364"]
[BlackElo "2495"]
[PlyCount "40"]
[EventDate "2019.08.23"]
[EventType "swiss"]
[EventRounds "10"]
[EventCountry "ESP"]
[SourceTitle "EXT 2020"]
[Source "ChessBase"]
[SourceDate "2019.10.17"]
[SourceVersion "1"]
[SourceVersionDate "2019.10.17"]
[SourceQuality "1"]

1. e4 e5 2. Bc4 Nf6 3. d3 c6 4. Nf3 d5 5. Bb3 a5 6. a4 Bb4+ 7. Bd2 0-0 8. Bxb4 axb4 9. exd5 Nxd5 10. 0-0 Qf6 11. Qe1 Re8 12. Nbd2 Bg4 13. Qe4 Bf5 14. Qh4 Qxh4 15. Nxh4 Be6 16. Nhf3 Nd7 17. Rfe1 f6 18. d4 exd4 19. Nxd4 Bf7 20. Ne4 Kf8 1/2-1/2

[Event "NED-chT 1819"]
[Site "Netherlands"]
[Date "2019.05.11"]
[Round "9.4"]
[White "Martens, Martin"]
[Black "Pijpers, Arthur"]
[Result "1-0"]
[WhiteElo "2377"]
[BlackElo "2465"]
[PlyCount "93"]
[EventDate "2018.09.15"]
[EventType "team-tourn"]
[EventRounds "9"]
[EventCountry "NED"]
[SourceTitle "CBM 189 Extra"]
[Source "ChessBase"]
[SourceDate "2019.06.03"]
[SourceVersion "1"]
[SourceVersionDate "2019.06.03"]
[SourceQuality "1"]
[WhiteTeam "Calder HMC"]
[BlackTeam "Leiden LSG"]
[WhiteTeamCountry "NED"]
[BlackTeamCountry "NED"]

1. e4 e6 2. d4 d5 3. Nd2 Be7 4. Ngf3 Nf6 5. e5 Nfd7 6. Bd3 c5 7. c3 Nc6 8. 0-0 a5 9. a4 cxd4 10. cxd4 Nb4 11. Bb5 0-0 12. Nb1 Nb6 13. Nc3 Bd7 14. b3 Bxb5 15. Nxb5 Nc8 16. Bd2 Na7 17. Nxa7 Rxa7 18. Qe2 Ra6 19. Rfc1 Rc6 20. Qb5 Qc7 21. Ne1 f6 22. f4 fxe5 23. fxe5 Ra8 24. Be3 Rc8 25. Bd2 h6 26. h3 Bh4 27. Nf3 Bg3 28. Rxc6 bxc6 29. Qc5 Rb8 30. Qc3 Qf7 31. Rf1 Qg6 32. Qc5 Nd3 33. Qc2 c5 34. dxc5 Qe4 35. c6 Rc8 36. Bxa5 Qe3+ 37. Kh1 Nf2+ 38. Rxf2 Bxf2 39. c7 Bg3 40. Qg6 Rxc7 41. Bxc7 Qc1+ 42. Ng1 Qe1 43. Qxe6+ Kh8 44. Bb6 Qe4 45. Nf3 Qb1+ 46. Bg1 Qxb3 47. Qg4 1-0

[Event "Tata Steel TOP 81st"]
[Site "Wijk aan Zee"]
[Date "2019.01.22"]
[Round "5"]
[White "Martens, Martin"]
[Black "Kevlishvili, Robby"]
[Result "0-1"]
[WhiteElo "2382"]
[BlackElo "2453"]
[PlyCount "96"]
[EventDate "2019.01.18"]
[EventType "tourn"]
[EventRounds "9"]
[EventCountry "NED"]
[EventCategory "7"]
[SourceTitle "CBM 188 Extra"]
[Source "ChessBase"]
[SourceDate "2019.02.26"]
[SourceVersion "1"]
[SourceVersionDate "2019.02.26"]
[SourceQuality "1"]

1. c4 e5 2. g3 Nf6 3. Bg2 d5 4. cxd5 Nxd5 5. Nc3 Nb6 6. d3 Be7 7. Be3 0-0 8. Rc1 Re8 9. Qc2 Bf8 10. a3 c6 11. Nf3 Na6 12. 0-0 Nc7 13. Rcd1 Bf5 14. Nh4 Bd7 15. d4 exd4 16. Bxd4 Qc8 17. Nf3 Bf5 18. Qb3 Ne6 19. Be3 Nc5 20. Qb4 Ne4 21. Qb3 Nxc3 22. bxc3 Be6 23. Qc2 Nc4 24. Bc1 Bxa3 25. Ng5 Bf5 26. e4 Bxc1 27. Rxc1 Bg6 28. Qe2 b5 29. h4 h6 30. h5 Bf5 31. Qf3 Be6 32. Nxe6 Qxe6 33. Rfe1 Rad8 34. Ra1 a5 35. e5 Rd5 36. Qf4 Rxe5 37. Rxe5 Qxe5 38. Bxc6 Re6 39. Qxe5 Rxe5 40. g4 Rc5 41. Bd7 Kf8 42. Bf5 a4 43. Rd1 Nb6 44. Rd6 Nd5 45. c4 bxc4 46. Ra6 c3 47. Bc2 Nb4 48. Ra8+ Ke7 0-1

[Event "Tata Steel TOP 81st"]
[Site "Wijk aan Zee"]
[Date "2019.01.20"]
[Round "3"]
[White "Vrolijk, Liam"]
[Black "Martens, Martin"]
[Result "1-0"]
[WhiteElo "2433"]
[BlackElo "2382"]
[PlyCount "83"]
[EventDate "2019.01.18"]
[EventType "tourn"]
[EventRounds "9"]
[EventCountry "NED"]
[EventCategory "7"]
[SourceTitle "CBM 188 Extra"]
[Source "ChessBase"]
[SourceDate "2019.02.26"]
[SourceVersion "1"]
[SourceVersionDate "2019.02.26"]
[SourceQuality "1"]

1. e4 c5 2. Nf3 g6 3. d4 cxd4 4. Nxd4 Bg7 5. c4 Nc6 6. Be3 Nf6 7. Nc3 Ng4 8. Qxg4 Nxd4 9. Qd1 e5 10. Bd3 d6 11. 0-0 0-0 12. Qd2 Be6 13. Rac1 Rc8 14. b3 a6 15. Ne2 Nxe2+ 16. Bxe2 Qe7 17. Rfd1 Rfd8 18. a4 Rd7 19. Rc3 f5 20. f3 Bf8 21. Rd3 Rdc7 22. Bb6 Rc6 23. a5 Qh4 24. Bf2 Qf6 25. Rc3 f4 26. Rdc1 Qf7 27. Qd3 R6c7 28. b4 g5 29. b5 h5 30. Bb6 Rd7 31. bxa6 bxa6 32. c5 dxc5 33. Qxa6 Rd2 34. Bc4 Rc6 35. Qb5 Rcd6 36. Bf1 g4 37. Bxc5 gxf3 38. Rxf3 Qc7 39. Bxd6 Qxd6 40. Rd3 Rxd3 41. Qxd3 Qb4 42. Qc3 1-0

[Event "Tata Steel TOP 81st"]
[Site "Wijk aan Zee"]
[Date "2019.01.18"]
[Round "1"]
[White "Mamedjarova, Zeinab"]
[Black "Martens, Martin"]
[Result "0-1"]
[WhiteElo "2311"]
[BlackElo "2382"]
[PlyCount "74"]
[EventDate "2019.01.18"]
[EventType "tourn"]
[EventRounds "9"]
[EventCountry "NED"]
[EventCategory "7"]
[SourceTitle "CBM 188 Extra"]
[Source "ChessBase"]
[SourceDate "2019.02.26"]
[SourceVersion "1"]
[SourceVersionDate "2019.02.26"]
[SourceQuality "1"]

1. d4 Nf6 2. Nf3 e6 3. e3 b6 4. Bd3 Bb7 5. Nbd2 g6 6. e4 d5 7. exd5 Bxd5 8. a4 Bg7 9. a5 0-0 10. 0-0 Nc6 11. axb6 axb6 12. Rxa8 Qxa8 13. c4 Bxf3 14. Nxf3 Rd8 15. Be3 Ne8 16. Bg5 Rd7 17. Qa1 Qxa1 18. Rxa1 Nxd4 19. Ra8 Kf8 20. Nxd4 Bxd4 21. Bc2 f6 22. Ba4 Re7 23. Bh6+ Kf7 24. b3 g5 25. Rd8 Bc5 26. g4 Bd6 27. Bc6 Ng7 28. Be4 f5 29. gxf5 exf5 30. Bd3 Ne6 31. Rc8 Kg6 32. Bxg5 Kxg5 33. h3 Kf4 34. Kf1 Ng5 35. h4 Nf3 36. Be2 Nd2+ 37. Ke1 Nxb3 0-1

[Event "BEL-chT 1819"]
[Site "Belgium"]
[Date "2018.11.18"]
[Round "4.4"]
[White "Martens, Martin"]
[Black "Beukema, Jasper"]
[Result "1/2-1/2"]
[WhiteElo "2377"]
[BlackElo "2262"]
[PlyCount "36"]
[EventDate "2018.09.30"]
[EventType "team-tourn"]
[EventRounds "11"]
[EventCountry "BEL"]
[SourceTitle "CBM 187 Extra"]
[Source "ChessBase"]
[SourceDate "2018.11.04"]
[SourceVersion "1"]
[SourceVersionDate "2018.11.04"]
[SourceQuality "1"]
[WhiteTeam "KGSRL"]
[BlackTeam "Brasschaat"]
[WhiteTeamCountry "BEL"]
[BlackTeamCountry "BEL"]

1. e4 e5 2. Bc4 Bc5 3. Nc3 Nf6 4. d3 d6 5. Na4 Bb6 6. Nxb6 axb6 7. Ne2 Be6 8. Bxe6 fxe6 9. 0-0 0-0 10. a3 Nc6 11. Ng3 Qe8 12. c3 Qg6 13. Qe2 d5 14. Bd2 Kh8 15. Rad1 Ra4 16. Rde1 Raa8 17. Rd1 Ra4 18. Rde1 Raa8 1/2-1/2

[Event "NED-chT 1718"]
[Site "Netherlands"]
[Date "2018.04.07"]
[Round "8.5"]
[White "Driessens, Patrick"]
[Black "Martens, Martin"]
[Result "1/2-1/2"]
[WhiteElo "2288"]
[BlackElo "2399"]
[PlyCount "33"]
[EventDate "2017.09.16"]
[EventType "team-tourn"]
[EventRounds "9"]
[EventCountry "NED"]
[SourceTitle "EXT 2019"]
[Source "ChessBase"]
[SourceDate "2018.10.10"]
[SourceVersion "1"]
[SourceVersionDate "2018.10.10"]
[SourceQuality "1"]
[WhiteTeam "Voerendaal"]
[BlackTeam "Rotterdam Pathena"]
[WhiteTeamCountry "NED"]
[BlackTeamCountry "NED"]

1. d4 g6 2. c4 Bg7 3. e4 d6 4. Nc3 e5 5. Nf3 Nd7 6. Bg5 f6 7. Be3 Nh6 8. h3 Nf7 9. g4 Bh6 10. Bxh6 Nxh6 11. Qd2 Nf7 12. 0-0-0 c6 13. h4 h6 14. Rg1 g5 15. Ne2 Nf8 16. d5 c5 17. h5 1/2-1/2

[Event "NED-chT 1718"]
[Site "Netherlands"]
[Date "2018.02.03"]
[Round "6.6"]
[White "Martens, Martin"]
[Black "Schoorl, Rob"]
[Result "1-0"]
[WhiteElo "2399"]
[BlackElo "2285"]
[PlyCount "79"]
[EventDate "2017.09.16"]
[EventType "team-tourn"]
[EventRounds "9"]
[EventCountry "NED"]
[SourceTitle "EXT 2019"]
[Source "ChessBase"]
[SourceDate "2018.10.10"]
[SourceVersion "1"]
[SourceVersionDate "2018.10.10"]
[SourceQuality "1"]
[WhiteTeam "Rotterdam Pathena"]
[BlackTeam "Calder HMC"]
[WhiteTeamCountry "NED"]
[BlackTeamCountry "NED"]

1. e4 c5 2. c3 g6 3. d4 cxd4 4. cxd4 d5 5. e5 Bg7 6. Nc3 Nc6 7. h3 f6 8. exf6 Nxf6 9. Nf3 0-0 10. Be3 Nh5 11. g3 Qd6 12. Be2 Bd7 13. Ne5 Be8 14. Qd2 e6 15. g4 Nxe5 16. gxh5 Nf3+ 17. Bxf3 Rxf3 18. h6 Bh8 19. 0-0-0 Bc6 20. Kb1 Raf8 21. h4 R8f5 22. Rdg1 Rh5 23. Qd1 Qf8 24. Ne2 Rxf2 25. Ng3 Rxh6 26. Qe1 Rf6 27. Rf1 Bg7 28. Bg5 Rxf1 29. Rxf1 Qd6 30. Qe3 Rh5 31. Nxh5 gxh5 32. Bh6 Be8 33. Bxg7 Bg6+ 34. Ka1 Kxg7 35. Qg5 a6 36. a3 a5 37. Qf6+ Kg8 38. Rc1 Qf8 39. Qxe6+ Qf7 40. Qc8+ 1-0

[Event "NED-chT 1617"]
[Site "Netherlands"]
[Date "2016.11.05"]
[Round "3.5"]
[White "Martens, Martin"]
[Black "Burg, Twan"]
[Result "1/2-1/2"]
[WhiteElo "2417"]
[BlackElo "2496"]
[PlyCount "40"]
[EventDate "2016.09.17"]
[EventType "team-tourn"]
[EventRounds "9"]
[EventCountry "NED"]
[SourceTitle "EXT 2018"]
[Source "ChessBase"]
[SourceDate "2017.10.13"]
[SourceVersion "1"]
[SourceVersionDate "2017.10.13"]
[SourceQuality "1"]
[WhiteTeam "Rotterdam Pathena"]
[BlackTeam "Calder HMC"]
[WhiteTeamCountry "NED"]
[BlackTeamCountry "NED"]

1. c4 c6 2. g3 d5 3. Nf3 g6 4. Bg2 Bg7 5. 0-0 Nf6 6. Qc2 0-0 7. d3 Re8 8. e4 dxe4 9. dxe4 Qc7 10. h3 Nfd7 11. Be3 e5 12. Rd1 Bf8 13. Nc3 a5 14. Na4 b6 15. Ne1 Na6 16. Nd3 Ndc5 17. Rd2 Be6 18. Naxc5 Nxc5 19. Rad1 Rad8 20. b3 Nxd3 1/2-1/2

[Event "NED-chT 1617"]
[Site "Netherlands"]
[Date "2016.10.08"]
[Round "2.7"]
[White "Kollen, Zyon"]
[Black "Martens, Martin"]
[Result "1/2-1/2"]
[WhiteElo "2296"]
[BlackElo "2417"]
[PlyCount "43"]
[EventDate "2016.09.17"]
[EventType "team-tourn"]
[EventRounds "9"]
[EventCountry "NED"]
[SourceTitle "EXT 2017"]
[Source "ChessBase"]
[SourceDate "2016.10.25"]
[SourceVersion "1"]
[SourceVersionDate "2016.10.25"]
[SourceQuality "1"]
[WhiteTeam "SISSA"]
[BlackTeam "Rotterdam Pathena"]
[WhiteTeamCountry "NED"]
[BlackTeamCountry "NED"]

1. e4 c5 2. Nf3 e6 3. d4 cxd4 4. Nxd4 a6 5. Nc3 Qc7 6. Bd3 Nf6 7. 0-0 d6 8. f4 Nbd7 9. Kh1 b5 10. a3 Bb7 11. Qf3 Be7 12. Bd2 Nc5 13. b4 Nxd3 14. cxd3 0-0 15. Rac1 Qd8 16. Qh3 Rc8 17. f5 e5 18. Nf3 Re8 19. Bg5 Nd7 20. Be3 Nf6 21. Bg5 Nd7 22. Be3 1/2-1/2

[Event "NED-chT 1516"]
[Site "Netherlands"]
[Date "2016.04.23"]
[Round "9.2"]
[White "Dambacher, Martijn"]
[Black "Martens, Martin"]
[Result "1/2-1/2"]
[WhiteElo "2490"]
[BlackElo "2411"]
[PlyCount "39"]
[EventDate "2015.09.26"]
[EventType "team-tourn"]
[EventRounds "9"]
[EventCountry "NED"]
[SourceTitle "EXT 2017"]
[Source "ChessBase"]
[SourceDate "2016.10.25"]
[SourceVersion "1"]
[SourceVersionDate "2016.10.25"]
[SourceQuality "1"]
[WhiteTeam "Calder HMC"]
[BlackTeam "Rotterdam Pathena"]
[WhiteTeamCountry "NED"]
[BlackTeamCountry "NED"]

1. d4 Nf6 2. c4 e6 3. Nc3 Bb4 4. e3 0-0 5. Bd3 d5 6. Nf3 c5 7. 0-0 dxc4 8. Bxc4 Nbd7 9. Qe2 b6 10. Rd1 cxd4 11. exd4 Bxc3 12. bxc3 Qc7 13. Bb2 Bb7 14. Bb3 b5 15. a4 a6 16. Ne5 Nxe5 17. dxe5 Qc6 18. f3 Nd5 19. Bxd5 Qb6+ 20. Qf2 1/2-1/2

[Event "NED-chT 1516"]
[Site "Netherlands"]
[Date "2015.09.26"]
[Round "1.2"]
[White "Martens, Martin"]
[Black "Bluebaum, Matthias"]
[Result "1/2-1/2"]
[WhiteElo "2411"]
[BlackElo "2580"]
[PlyCount "65"]
[EventDate "2015.09.26"]
[EventType "team-tourn"]
[EventRounds "9"]
[EventCountry "NED"]
[SourceTitle "EXT 2016"]
[Source "ChessBase"]
[SourceDate "2015.10.08"]
[SourceVersion "1"]
[SourceVersionDate "2015.10.08"]
[SourceQuality "1"]
[WhiteTeam "Rotterdam Pathena"]
[BlackTeam "SISSA"]
[WhiteTeamCountry "NED"]
[BlackTeamCountry "NED"]

1. e4 e6 2. d4 d5 3. Nd2 Nf6 4. e5 Nfd7 5. c3 c5 6. Bd3 Nc6 7. Ne2 cxd4 8. cxd4 f6 9. exf6 Nxf6 10. Nf3 Bd6 11. 0-0 0-0 12. Bf4 Bxf4 13. Nxf4 Ng4 14. g3 g5 15. Ng2 Qf6 16. Be2 Nh6 17. Qd2 Nf5 18. Rad1 g4 19. Ne5 Nfxd4 20. Nxg4 Qg7 21. f4 Bd7 22. Ne5 Nxe2+ 23. Qxe2 Nxe5 24. fxe5 a6 25. Qe3 Bb5 26. Rxf8+ Rxf8 27. Nf4 Rf5 28. Re1 Bd7 29. a3 h5 30. Kf2 Bc6 31. Qd4 Qg4 32. Re3 h4 33. Kg1 1/2-1/2

[Event "Maastricht Limburg op-A 9th"]
[Site "Maastricht"]
[Date "2015.05.25"]
[Round "7"]
[White "Martens, Martin"]
[Black "Miedema, David"]
[Result "1/2-1/2"]
[WhiteElo "2417"]
[BlackElo "2348"]
[PlyCount "21"]
[EventDate "2015.05.22"]
[EventType "swiss"]
[EventRounds "7"]
[EventCountry "NED"]
[SourceTitle "CBM 166 Extra"]
[Source "ChessBase"]
[SourceDate "2015.06.18"]
[SourceVersion "1"]
[SourceVersionDate "2015.06.18"]
[SourceQuality "1"]

1. e4 e5 2. Nf3 Nf6 3. Nxe5 d6 4. Nf3 Nxe4 5. Qe2 Qe7 6. d3 Nf6 7. Bg5 Qxe2+ 8. Bxe2 Be7 9. Nc3 Nc6 10. 0-0-0 h6 11. Bd2 1/2-1/2

[Event "Maastricht Limburg op-A 9th"]
[Site "Maastricht"]
[Date "2015.05.23"]
[Round "2"]
[White "Martens, Martin"]
[Black "Clemens, Adrian HP"]
[Result "1/2-1/2"]
[WhiteElo "2417"]
[BlackElo "2172"]
[PlyCount "124"]
[EventDate "2015.05.22"]
[EventType "swiss"]
[EventRounds "7"]
[EventCountry "NED"]
[SourceTitle "CBM 166 Extra"]
[Source "ChessBase"]
[SourceDate "2015.06.18"]
[SourceVersion "1"]
[SourceVersionDate "2015.06.18"]
[SourceQuality "1"]

1. e4 c5 2. Nf3 e6 3. Nc3 Nc6 4. Bb5 Nd4 5. 0-0 a6 6. Bd3 Nc6 7. b3 d6 8. Bb2 Nf6 9. Re1 Be7 10. Bf1 0-0 11. d3 Bd7 12. Ne2 Rc8 13. Ng3 Ne8 14. c3 g6 15. Qd2 Bf6 16. d4 cxd4 17. cxd4 Nc7 18. Rad1 d5 19. Ba3 Re8 20. Bc5 Na8 21. h3 Bg7 22. h4 h5 23. Qf4 Qc7 24. Bd6 Qd8 25. e5 Ne7 26. Bd3 Nf5 27. Bxf5 exf5 28. Qd2 Nc7 29. a4 Ne6 30. Qb4 Bc6 31. Ne2 Bh6 32. g3 b6 33. Nh2 a5 34. Qa3 Bb7 35. b4 axb4 36. Qxb4 Rc4 37. Qb3 Bc6 38. Ra1 Bd2 39. Reb1 Ba5 40. Nf3 Qd7 41. Qe3 f4 42. Nxf4 Nxf4 43. Qxf4 Qg4 44. Bc7 Qxf4 45. gxf4 Bxa4 46. Bxb6 Bc3 47. Ra3 Bc2 48. Rf1 Be4 49. Ng5 Bxd4 50. Nxe4 dxe4 51. Bxd4 Rxd4 52. Rc1 Rd7 53. Rc6 Re6 54. Ra8+ Kg7 55. Rcc8 f5 56. Rg8+ Kh7 57. Rh8+ Kg7 58. Rag8+ Kf7 59. Rf8+ Kg7 60. Rfg8+ Kf7 61. Rf8+ Kg7 62. Rfg8+ Kf7 1/2-1/2